Open Data Biblioteca Nacional de Portugal


República Portuguesa: Ministério da Cultura
Biblioteca Nacional de Portugal

Catálogo da BNP: acesso por Identificadores Unívocos
Registos Bibliográficos associados ao registo de autoridade

Etiqueta de registo: 00984ckm 2200277 450
001 532086
003 http://id.bnportugal.gov.pt/bib/catbnp/532086
005 19990103000000.0
095 ## $aPTBN00735136
100 ## $a19950602f19851993k y0pory0103 ba
101 0# $apor
102 ## $aPT
200 1# $aForpescas - Centro de Formação Profissional para o Sector das Pescas$bVisual gráfico]$ecurso de motorista prático$fdesign Alves da Silva
210 #9 $a[Lisboa]$cF.,$d[ca 1989?]
215 ## $a1 cartaz$ccolor.$d69x49 cm
306 ## $aData provável baseada em características formais
675 ## $a656.1-057(084.5)$vBN$zpor$3590704
675 ## $a377(469)"198/199"(084.5)$vBN$zpor$3592282
675 ## $a766(=1:469)"198"(084.5)$vBN$zpor$31302430
702 #1 $91$aSilva,$bAlves da$4410$3179339
710 02 $aForpescas$3129985
801 #0 $aPT$bBN$gRPC
856 40 $uhttps://purl.pt/18500
856 41 $uhttps://purl.pt/18500/service/media/cover/low
958 ## $aBND$bInterno$cDigitalizado
966 ## $lBN$mICONOG$sCT. 7592 A.$x3

Etiqueta de registo: 00000nkm 2200025 450
001 2278563
003 http://id.bnportugal.gov.pt/bib/catbnp/2278563
100 ## $a20260310d1990 m y0pory01030103ba
101 0# $apor
102 ## $aPT
200 1# $a2.º Congresso Galaico Portucalense de Técnicos de Vendas e Agentes Comerciais, Porto, 8, 9, 10, 11 novembro 90$bVisual gráfico]$fdesign Victor Santos, Alves da Silva
210 #9 $a[Porto$cs.n.],$d1990$e[Vila Nova de Gaia] :$gRocha - Artes Gráficas, Lda.)
215 ## $a1 cartaz$ccolor.$d68x48 cm
317 ## $aColeção Madeira Luís
702 #1 $95$aSantos,$bVítor$4410$384619
702 #1 $91$aSilva,$bAlves da$4410$3179339
710 02 $aCongresso Galaico Portucalense de Técnicos de Vendas e Agentes Comerciais,$d2,$ePorto,$f1990$31990272
801 #0 $aPT$bBN$gRPC
966 ## $lBN$mICONOG$sCT. 23367 A.$x3
971 ## $cCaticonografia7$d20260310
972 ## $d20260311$e1$vfpinelo$z0
995 ## $aPRR2026

Etiqueta de registo: 00000nkm 2200025 450
001 2279637
003 http://id.bnportugal.gov.pt/bib/catbnp/2279637
100 ## $a20260312f19901999m y0pory01030103ba
101 0# $apor
102 ## $aPT
200 1# $aCurso de Segpescas, FORPESCAS$bVisual gráfico]$fFORPESCAS$gdesign Alves da Silva
210 #9 $a[S.l.]$cFORPESCAS,$d[entre 1990 e 1999]$ePorto :$gGrafislab)
215 ## $a1 cartaz$ccolor.$d68x48,1 cm
306 ## $aDatação atribuída em conformidade com as designações institucionais
317 ## $aColeção Madeira Luís
702 #1 $91$aSilva,$bAlves da$3179339
710 02 $aForpescas$3129985
712 01 $aPortugal.$bInstituto do Emprego e Formação Profissional$329156
712 01 $aEscola Portuguesa de Pesca$31985848
801 #0 $aPT$bBN$gRPC
966 ## $lBN$mICONOG$sCT. 24339 A.$x3
971 ## $cCaticonografia5$d20260312
995 ## $aPRR2026

Etiqueta de registo: 00000nkm 2200025 450
001 2279542
003 http://id.bnportugal.gov.pt/bib/catbnp/2279542
100 ## $a20260312f19901999m y0pory01030103ba
101 0# $apor
102 ## $aPT
200 1# $aCurso de Técnico de Gestão-Pescas, Ao Abrigo da Lei da Aprendizagem, FORPESCAS$bVisual gráfico]$fFORPESCAS$gdesign Alves da Silva
210 #9 $a[S.l.]$cFORPESCAS,$d[entre 1990 e 1999]$ePorto :$gGrafislab)
215 ## $a1 cartaz$ccolor.$d68x48,1 cm
306 ## $aDatação atribuída em conformidade com as designações institucionais
317 ## $aColeção Madeira Luís
702 #1 $91$aSilva,$bAlves da$3179339
710 02 $aForpescas$3129985
712 01 $aPortugal.$bInstituto do Emprego e Formação Profissional$329156
712 01 $aEscola Portuguesa de Pesca$31985848
801 #0 $aPT$bBN$gRPC
966 ## $lBN$mICONOG$sCT. 24332 A.$x3
971 ## $cCaticonografia5$d20260312
995 ## $aPRR2026

OpendataBNP@bnportugal.pt | Mais informação sobre acesso aos dados BNP